Statistiques concernant ONE PIECE - Romance Dawn

Cliquez ici pour prendre le quiz!

Statistiques générales

  • Ce quiz a été pris 181 fois
  • Le résultat moyen est 12 sur 33

Statistiques - réponses

ArcsNoms% Correct
Romance DawnLuffy
98%
Romance DawnZoro
90%
Romance DawnNami
84%
Romance DawnShanks
83%
Romance DawnBaggy
72%
Romance DawnKoby
72%
Romance DawnAlvida
71%
Romance DawnHermep
70%
Romance DawnMakino
70%
Romance DawnMorgan
69%
Romance DawnBen Beckmann
60%
Romance DawnYasopp
59%
Romance DawnLucky Roux
49%
Romance DawnHiguma
41%
Romance DawnRika
34%
Romance DawnRoger
28%
Romance DawnHoop Slap
22%
Romance DawnKuina
22%
Romance DawnRirika
22%
Romance DawnPeppoko
19%
Romance DawnHeppoko
18%
Romance DawnPoppoko
17%
Romance DawnKoshiro
9%
Romance DawnMonstre de la Baie
9%
Romance DawnRipper
9%
Romance DawnGyoru
6%
Romance DawnChiken
5%
Romance DawnMonstar
5%
Romance DawnSorrow
4%
Romance DawnAnjoh
3%
Romance DawnMikio Itoo
3%
Romance DawnRokkaku
3%
Romance DawnUkkari
2%

Distribution des résultats

Percentile par nombre de réponses

% des personnes avec chaque résultat

Votre développement - résultats

Vous n’avez pas pris ce quiz